书目信息 |
| 题名: |
花事了
|
|
| 作者: | 旭川 著 | |
| 分册: | ||
| 出版信息: | 海口 南海出版公司 2005.08 |
|
| 页数: | 213页 | |
| 开本: | 20cm | |
| 丛书名: | 润色系列 | |
| 单 册: | ||
| 中图分类: | I247.8 | |
| 科图分类: | ||
| 主题词: | 故事--中国--当代--作品集 | |
| 电子资源: | ||
| ISBN: | 7-5442-3108-9 | |
| 000 | 00753na 22002417 450 | |
| 001 | 192004002236 | |
| 005 | 20070910100918.37 | |
| 010 | @a7-5442-3108-9@dCNY16.00 | |
| 100 | @a20070601d2005 ekmy0chiy0121 ea | |
| 101 | 0 | @achi |
| 102 | @aCN@b460000 | |
| 105 | @ay z 000yy | |
| 200 | 1 | @a花事了@Ahua shi le@f旭川著 |
| 210 | @a海口@c南海出版公司@d2005.08 | |
| 215 | @a213页@d20cm | |
| 225 | 2 | @a润色系列@Arun se ji lie |
| 330 | @a本书是一本中国当代故事作品集,本书包括纯真坊、你永远不知我爱你、生如夏花、错落纪、一场关于木场与汗衫的初恋等内容。本书适合文学爱好者阅读。 | |
| 410 | 0 | @12001 @a润色系列 |
| 606 | 0 | @a故事@y中国@z当代@j作品集 |
| 690 | @aI247.8@v4 | |
| 701 | 0 | @a旭川@Axu chuan@4著 |
| 801 | 0 | @aCN@c20070910 |
| 905 | @dI247.8@eX920 | |
| 花事了/旭川著.-海口:南海出版公司,2005.08 |
| 213页;20cm.-(润色系列) |
| ISBN 7-5442-3108-9:CNY16.00 |
| 本书是一本中国当代故事作品集,本书包括纯真坊、你永远不知我爱你、生如夏花、错落纪、一场关于木场与汗衫的初恋等内容。本书适合文学爱好者阅读。 |
| ● |
| 相关链接 |
|
|
|
正题名:花事了
索取号:I247.8/X920
 
预约/预借
| 序号 | 登录号 | 条形码 | 馆藏地/架位号 | 状态 | 备注 |
| 1 | 619922 | 206199228 | 社科二线400B/400B社科库 23排1列5层/ [索取号:I247.8/X920] | 在馆 | |
| 2 | 619923 | 206199237 | 社科二线422/422社科库 25排3列4层/ [索取号:I247.8/X920] | 在馆 | |
| 3 | 619924 | 206199246 | 社科二线400B/400B社科库 23排1列5层/ [索取号:I247.8/X920] | 在馆 |